000
00178nam a22000857a 4500
082
_a
517HIL
100
_a
Hildebran F B
245
_a
Advanced calculus for applications
942
_c
BK
999
_c
15162
_d
15162